1169 1691 1582 1466 1506 1957 1362 1922 1370 1529 1890 1937 1527 1259 1765 1015 1834 1644 1982 1858 1310 1736 1861 1226 1914 1312 1779 1831 1397 1659 1959 1095 1381 1207 1850 1851 1879 1832 1243 1970 1814 1961 1531 1899 1883 1089 1232 1634 1925 1975 1907 1933 1411 1524 1824 1812 1776 1230 1564 1233 1686 1287 1508 1530 1763 1205 1330 1454 1903 1397 1471 1364 1982 1552 1723 1992 1108 1326 1200 1048 1362 1632 1392 1434 1063 1021 1040 1781 1980 1567 1118 1110 1839 1844 1294 1002 1145 1348 1720 BCNSPRNW ULIB Ver.6.0+V

เปลี่ยนเป็นภาษาไทย

Change to English
 แสดงรายละเอียดบรรณานุกรม
  กลับหน้าหลัก

Brief Record : Get Marc (ISO 2709) : E-mail record : QR code < ปิดหน้าต่าง
LEADER : 00000nam 2200000uu 4500
001    13399113140
003     ULIB
008    110927s2550||||th 000 0 tha d
020    9789747035841
082 04 QA76.75^bช579ก 2550
100 0  ชีวธันย์ ญาณากรสกุล
245 00 ก๊อบปี้ ตัดต่อ แปลงไฟล์ CD/DVD /^cชีวธันย์ ญาณากรสกุล
260    กรุงเทพฯ :^bอี เอ็กซ์พี มีเดียว,^c2550
300    271 หน้า :^bภาพประกอบ
650  7 CD^xการตัดต่อ
650  7 DVD^xการตัดต่อ
945    ^p139^l0^i022899
995    ทศพร
999 ^a ทศพร
รายการนี้ยังไม่มีแท็ก
คุณยังไม่ได้ล็อกอิน คุณสามารถมีกิจกรรมร่วมกับเว็บไซต์ได้ แต่ต้องล็อกอินก่อน ::
  ล็อกอิน

รายการสื่อสารสนเทศ

ลำดับที่ ประเภท เลขเรียก/บาร์โค้ด สถานที่ สถานะ
- ไม่พบข้อมูล -

รายการใกล้เคียง
    ผู้แต่ง [ชีวธันย์ ญาณากรสกุล]

BibComment


ยังไม่เคยถูกคอมเมนท์

คอมเมนท์ทรัพยากรรายการนี้
  คอมเมนท์: ก๊อบปี้ ตัดต่อ แป..


 Copyright 2026. Bcnsprnw @Library